000 00453cam a22001457a 4500
008 180718b1999 xxu||||| |||| 00| 0 eng d
082 _aL2x54 J78
100 _aJoshi, S.K.
245 _aHow to compute your salary income: assessment year, 2000 -2001
_cby S.K. Joshi
260 _aDelhi
_bDirectorate of Income Tax
_c1999
300 _a154p.
650 _aIncome tax - India
650 _aOfficials and employees - Salaries
650 _aTaxation - India
999 _c489181
_d489181